| 000 | 00404nam a2200157Ia 4500 | ||
|---|---|---|---|
| 008 | 230312s9999||||xx |||||||||||||| ||und|| | ||
| 020 | _a0-07-069170-3 | ||
| 082 |
_a658 _bWEI-M |
||
| 100 | _aWeihrich Heinz | ||
| 245 | 0 | _aManagement | |
| 260 |
_bMcGraw Hall _aNew York _c1993 |
||
| 300 | _a744 | ||
| 546 | _aEng. | ||
| 650 |
_aManagement _vthe basis of global management theory and practice |
||
| 942 | _cBK | ||
| 999 |
_c8172 _d8172 |
||